000 00566nam a22001937a 4500
003 OSt
005 20260421044046.0
008 260421b |||||||| |||| 00| 0 eng d
020 _a1-4190-0385-2
040 _aDWC-Main lib.
_cOC
082 _aCirc. 510 H257 2006
110 _aHARCOURT ACHIEVE
245 _aMathematical reasoning :
_bteacher's guide/
_cHARCOURT ACHIEVE
260 _aAustin, Texas:
_bHarcourt Achieve,
_cc2006.
300 _aix, 32 p. ;
_c28 cm.
490 _aTop Line Math
650 _a1. Mathematics.
942 _2ddc
_cBK-CIRC
_hCirc.
_n0
999 _c9545
_d9545